000 01656nam0a22003251 4500
001 rc\4772819
005 20250613081135.0
021 _aRU
_b[67-53960]
035 _a(NLR Aleph) 009024222
090 _a9447763
_c9447763
100 _a20130417d1967 |||y0rusy50 ca
101 0 _arus
102 _aRU
105 _aa z |||||
200 1 _aОпыт строительства железобетонных искусственных сооружений в районах с засоленными грунтами
_fЦентр. ин-т нормативных исследований и науч.-техн. информации "Оргтрансстрой" М-ва трансп. строительства СССР
210 _aМосква
_cБ. и.
_d1967
215 _a28 с.
_cил.
_d21
225 1 _aТехническая информация
300 _aПеред загл. авт.: инж. И.Д. Рассказов, кандидаты техн. наук Ф.М. Иванов, Л.И. Мещеряков, инж. Н.А. Раевский
606 _aИскусственные сооружения на железных дорогах, железобетонные
_xПостройка
_2psbo
701 1 _aМещеряков
_bЛ.И.
701 1 _aРаевский
_bН.А.
701 1 _7ca
_8rus
_aИванов
_bФ. М.
_cд-р техн. наук, строит. материалы
_f1912-1996
_gФедор Михайлович
_9224779
_3RU\NLR\AUTH\770224835
701 1 _aРассказов
_bИ.Д.
801 0 _aRU
_bNLR
_gpsbo
801 1 _aRU
_bELAR
_2rusmarc
852 _aNLR
_j67-6/8499
942 _cBOOK
980 _aNB